| 000 | 00480 a2200157 4500 | ||
|---|---|---|---|
| 020 | _a9780792377924 | ||
| 090 |
_c7133 _d7133 |
||
| 100 | _aFaraz, Ali | ||
| 110 | _a Payandeh, Shahram | ||
| 245 |
_aEngineering approaches to mechanical and robotic design for minimally invasive surgery (MIS) _c Ali, Faraz |
||
| 260 |
_aLondon _bKAP Publisher _c2000 |
||
| 300 | _a183 p | ||
| 650 | _aBiomedical engineering--Robotics in medicine | ||
| 700 | _a Ali, Faraz | ||
| 942 |
_cBK _k610.28 FAR |
||
| 999 |
_c10937 _d10937 |
||